| 000 | 00684nam a2200133Ia 4500 | ||
|---|---|---|---|
| 008 | 171212s9999 xx 000 0 und d | ||
| 020 | _a9780833034601 | ||
| 100 | _aDobbins, James;Lesser, Ian O.;Chalk, Peter | ||
| 245 |
_cDobbins, James;Lesser, Ian O.;Chalk, Peter _aAmerica's Role in Nation-Building _bFrom Germany to Iraq |
||
| 260 |
_bRAND Corporation _c2003 |
||
| 650 | _aPolitical Science | ||
| 650 | _aUnited States -- Foreign relations -- 1945–1989 -- Case studies; United States -- Foreign relations -- 1989 -- Case studies; United States -- Military policy -- Case studies; Intervention (International law) -- Case studies | ||
| 856 | _uwww.jstor.org/stable/10.7249/mr1753rc | ||
| 999 |
_c351708 _d351708 |
||